| 000 -LEADER |
| fixed length control field |
00725cam a2200205Ia 4500 |
| 020 ## - INTERNATIONAL STANDARD BOOK NUMBER |
| ISBN |
9832181089 (v.1) |
| 020 ## - INTERNATIONAL STANDARD BOOK NUMBER |
| ISBN |
9832181097 (v.2) |
| 040 ## - CATALOGING SOURCE |
| Transcribing agency |
AGF |
| 082 ## - DEWEY DECIMAL CLASSIFICATION NUMBER |
| Classification number |
675 MAL 2000 C142 Or. |
| 245 10 - TITLE STATEMENT |
| Title |
Forests and society : |
| Remainder of title |
the role of research : XXI IUFRO World Congress, 7-12 August 2000, Kuala Lumpur, Malaysia / |
| 260 ## - PUBLICATION, DISTRIBUTION, ETC. (IMPRINT) |
| Place of publication |
[S.l.] : |
| Name of publisher |
Malaysian XXI IUFRO World Congress Organising Committee, |
| Year of publication |
2000 |
| 300 ## - PHYSICAL DESCRIPTION |
| Number of Pages |
3 v. : |
| Other physical details |
ill. ; |
| Dimensions |
26 cm |
| 650 #0 - SUBJECT ADDED ENTRY--TOPICAL TERM |
| Topical Term |
Forest conservation |
| 650 #0 - SUBJECT ADDED ENTRY--TOPICAL TERM |
| Topical Term |
Forest management |
| 650 #0 - SUBJECT ADDED ENTRY--TOPICAL TERM |
| Topical Term |
Forests and forestry |
| 650 #0 - SUBJECT ADDED ENTRY--TOPICAL TERM |
| Topical Term |
Conservation of natural resources |
| 700 1# - ADDED ENTRY--PERSONAL NAME |
| Personal name |
Krishnapillay, Baskaran |
| 710 2# - ADDED ENTRY--CORPORATE NAME |
| Corporate name or jurisdiction name as entry element |
International Union of Forestry Research Organizations |
| 942 ## - ADDED ENTRY ELEMENTS (KOHA) |
| Koha item type |
សៀវភៅភាសាអង់គ្លេស |
| 952 ## - LOCATION AND ITEM INFORMATION (KOHA) |
| Withdrawn status [LOCAL, KOHA] |
0 |